000 00362nam a22001577a 4500
003 MPLRDC
005 20220104150048.0
008 210129b ||||| |||| 00| 0 eng d
082 _a947.413 XXM v.1
100 _a不详
245 _a小小妹. 上集
_c
260 _a
_b东立出版社
_c
300 _b
650 _a漫画
942 _cBK
_o947.413 XXM v.1
999 _c51669
_d51659